Leopoldo Novoa (Record no. 476)

MARC details
000 - LÍDER
campo de control de longitud fija 00723nam a2200205Ia 4500
008 - ELEMENTOS DE DATOS DE LONGITUD FIJA - INFORMACIÓN GENERAL
campo de control de longitud fija 0000001999 it az 0000000000ita00
020 ## - INTERNATIONAL STANDARD BOOK NUMBER
International Standard Book Number 2702205720
090 ## - NÚMERO DE LLAMADA DE TIPO LC LOCALMENTE ASIGNADO (OCLC)
Número de clasificación (OCLC) (R) PSP00 L15l
100 1# - ENTRADA PRINCIPAL - NOMBRE PERSONAL
Nombre de la persona Lambert, JeanClarence
245 10 - TÍTULO DECLARACIÓN
Título Leopoldo Novoa
Declaración de responsabilidad / JeanClarence Lambert ; traducción Rafael Rodríguez Vigouroux
260 ## - PUBLICACIÓN, DISTRIBUCIÓN
Lugar de publicación Paris : Cercle D ́Art
Fecha de publicación 1999
300 ## - DESCRIPCIÓN FÍSICA
Alcance 207 p.
Dimensiones / 30 cm.
500 ## - NOTA GENERAL
Nota general Con el patronazgo del maestro venezolano Jesús Rafael Soto (q.e.p.d.)
600 00 - ENTRADA DE SUJETO AÑADIDO - NOMBRE PERSONAL
Nombre de la persona NOVOA, LEOPOLDO, 1919/
Subdivisión general TRABAJOS PICTORICOS
650 14 - ENTRADA DE SUJETO AÑADIDO - TÉRMINO TÓPICO
Término tópico o elemento de entrada del nombre geográfico PINTURA ESPAÑOLA
650 14 - ENTRADA DE SUJETO AÑADIDO - TÉRMINO TÓPICO
Subdivisión general CATALOGOS
650 14 - ENTRADA DE SUJETO AÑADIDO - TÉRMINO TÓPICO
Término tópico o elemento de entrada del nombre geográfico ESCULTURA ESPAÑOLA
650 14 - ENTRADA DE SUJETO AÑADIDO - TÉRMINO TÓPICO
Término tópico o elemento de entrada del nombre geográfico PINTORES ESPAÑOLES
700 1# - ENTRADA AGREGADA - NOMBRE PERSONAL
Nombre de la persona Rodríguez VigorouX, Rafael, tr.
Holdings
Estado de retirada Pérdida de estatus Estado dañado No para préstamo Código de recogida Ubicación permanente Ubicación actual Ubicación de las estanterías Fecha de adquisición Número de llamada completo Código de barras Fecha de la última vez que se vio Número de copia Precio efectivo desde Tipo de artículo Koha
        General ArtNexus ArtNexus General 06/09/2022 P-SP-00 L15L 476 06/09/2022 Ej.1 06/09/2022 Libro

Powered by Koha